Journal of a fur-trading expedition on the Upper Missouri : 1812-1813 /

Bibliographic Details
Main Author: Luttig, John C., -1815
Other Authors: Drumm, Stella Madeleine
Format: Book
Language:English
Published: New York : Argosy-Antiquarian, 1964.
Subjects:

MARC

Tag First Indicator Second Indicator Subfields
LEADER 00000cam a2200000 4500
001 in00000068931
005 20151008050850.0
008 760317s1964 nyuabc b 00000 eng
010 |a  63021486  
035 |a (OCoLC)02054854 
035 |9 AAG3914AM 
040 |a DLC  |c ROB  |d TXA  |d UtOrBLW 
049 |a TXAM  |c [476628] 
050 0 |a HD9944.U46  |b M8 1964 
082 0 |a 338.3729 
092 |a 338.3729  |b L974j 
100 1 |a Luttig, John C.,  |d -1815. 
245 1 0 |a Journal of a fur-trading expedition on the Upper Missouri :  |b 1812-1813 /  |c edited by Stella M. Drumm. Pref. and notes by Abraham P. Nasatir. 
264 1 |a New York :  |b Argosy-Antiquarian,  |c 1964. 
300 |a xxviii, 11-213 pages :  |b illustrations, folded map, portraits ;  |c 21 cm. 
336 |a text  |b txt  |2 rdacontent 
337 |a unmediated  |b n  |2 rdamedia 
338 |a volume  |b nc  |2 rdacarrier 
504 |a Bibliography: pages 159-174. 
650 0 |a Fur trade  |z Missouri Valley. 
700 1 |a Drumm, Stella Madeleine. 
999 |a MARS 
999 f f |s 7ff2a64d-7e29-336c-bbec-1702c04c2610  |i f8178dbb-7968-3678-9092-b33ba1890e33  |t 0 
952 f f |p ric  |a Texas A&M University  |b Rellis Campus  |c Joint Library Facility  |d Remote Storage  |t 0  |e HD9944.U46 M8 1964  |h Library of Congress classification  |i unmediated -- volume  |m A14800764237 
998 f f |a HD9944.U46 M8 1964  |t 0  |l Remote Storage